Представление документа в формате RUSMARC

ПолеНазваниеЗначение
  Тип записи a
  Библиографический уровень m
001 Контрольный номер IZD\Logosbook\2007\978-5-98704-371-9
005 Дата корректировки 20250224114405.7
010 Индекс ISBN __
a ISBN 978-5-98704-448-3
d Цена 300-30
100 Данные общей обработки __
a Данные общей обработки 19091020d2009 |||y0rusy0189 ca
101 Язык документа 0_
a Язык текста rus
102 Страна публикации __
a Страна публикации RU
102 Страна публикации __
a Страна публикации RU
105 Кодированные данные (монография) __
a Кодированные данные (монография) a j 001zy
200 Заглавие и сведения об ответственности 1_
a Заглавие Менеджмент образования
e Сведения, относящиеся к заглавию учеб. пособие по направлению "Менеджмент" и специальности "Менеджмент организации"
f Первые сведения об ответственности [Н. О. Аблязова и др.] ; под ред. А. П. Егоршина
b Общее обозначение материала Текст
210 Выходные данные 1_
a Место издания М.
c Издательство Логос
d Дата издания 2009
215 Физическое описание __
a Объем 307 с.
c Иллюстрации/тип воспроизводства ил., табл.
320 Библиография __
a Библиография Библиогр.: с. 304-307 (70 назв.)
330 Аннотация __
a Аннотация Дана характеристика системы российского образования. Рассмотрены тенденции и перспективы развития, направления модернизации и прогноз развития системы образования до 2025 года. Изложена современная теория и практика менеджмента образования (система, стратегия, персонал, методы, качество, эффективность). Приведены рекомендации по построению системы управления образовательного учреждения (вуза, колледжа, техникума). Для студентов высших учебных заведений, обучающихся по направлению «Менеджмент», специальности «Менеджмент организации». Представляет интерес для руководителей и педагогических работников образовательных учреждений, студентов педагогических специальностей, ученых и специалистов в области менеджмента.
605 Заглавие как предмет __
a Заглавие Реформирование образования: программа
605 Заглавие как предмет __
a Заглавие Образование: национальный проект
606 Тематические рубрики __
a Основная рубрика Экономика
606 Тематические рубрики __
a Основная рубрика Образование. Педагогика
a Основная рубрика Организация образования
a Основная рубрика Экономика культуры, науки, просвещения
610 Ключевые слова 0_
a Ключевые слова система образования; многоуровневое профессиональное образование; качество образования; образовательные стандарты; аккредитация вузов; рынок трудовых ресурсов; рынок высшего образования; высшее образование; управление образованием; менеджмент образования; методы управления; эффективность управления; экономика образования
686 Индексы других классификаций __
a Классификационный индекс 65.497.4я73
686 Индексы других классификаций __
a Классификационный индекс 74.04я73; ст65.3 + В74.04(2)
702 Вторичная интеллектуальная ответственность _1
a Фамилия Аблязова
b Имя Н. О.
4 Код отношения Автор
g Полное личное имя Наталья Олеговна
702 Вторичная интеллектуальная ответственность _1
a Фамилия Гуськова
b Имя И. В.
4 Код отношения Автор
702 Вторичная интеллектуальная ответственность _1
a Фамилия Егоршин
b Имя А. П.
4 Код отношения Редактор
702 Вторичная интеллектуальная ответственность _1
a Фамилия Тальникова
b Имя Т. В.
4 Код отношения Автор
801 Источник записи _0
a Страна RU
b Организация Муниципальное бюджетное учреждение культуры "Централизованная библиотечная система" г. Сургут (Центральная городская библиотека им. А. С. Пушкина)
c Дата составления 20091020
g Правила каталогизации КиК/Елгина
801 Источник записи _1
a Страна RU
b Организация Муниципальное бюджетное учреждение культуры "Централизованная библиотечная система" г. Сургут (Центральная городская библиотека им. А. С. Пушкина)
c Дата составления 20091020
g Правила каталогизации КиК/Елгина
852 Данные о местонахождении __
j Шифр хранения 65.497.4я73
i Авторский знак М 50
901 Тип документа __
t Тип документа m
903 Характеристики (МАРС) __
a Дата передачи 20101224
969 Тип издания __
a Тип издания учебное пособие
990 Данные о заказе (DOS) __
j Количество экземпляров (DOS) 4
t N записи в КСУ для И/У (DOS) 201101